000 01076nam a22002177a 4500
003 NALT
005 20260106111157.0
008 250925b th ||||| |||| 00| 0 tha d
040 _aNALT
245 0 0 _aประมวลกฎหมายแพ่งและพาณิชย์ และประมวลวิธีพิจารณาความแพ่ง ฉบับล่าสุด /
_cผู้เขียน Run Of Law.
_h[electronic resource]
250 _aพิมพ์ครั้งที่ 1.
260 _aกรุงเทพฯ :
_bRun Of Law,
_c2565.
300 _aOnline resource
650 4 _aกฎหมายแพ่งและพาณิชย์
_91605
650 4 _aวิธีพิจารณาความแพ่ง
_9756
710 2 _aกลุ่มวิชาการ Run Of Law.
_965511
856 4 0 _uhttps://ebook.parliament.go.th/ebookall/detail/438272
_zE-Book
942 _cEBK
_2lcc
996 _ajamriang.p
_bCATSTF
_c2025-12-29
999 _c107270
_d107270
998 _j1020
_k นางจำเรียง ระวังสำโรง